Statistics for 2000's Movie by Screenshot #6

Click here to take the quiz!

General Stats

  • This quiz has been taken 74 times
  • The average score is 14 of 20

Answer Stats

Answer% Correct
The Simpsons Movie
96%
Garfield: The Movie
93%
King Kong
87%
Castaway
86%
The Cat in the Hat
80%
The Devil Wears Prada
79%
Anchorman: The Legend of Ron Burgundy
75%
Scary Movie
75%
Wallace & Gromit: The Curses of the Were-Rabbit
73%
Superbad
70%
Saw
66%
I, Robot
65%
Pride & Prejudice
65%
Nacho Libre
59%
Walk the Line
55%
Chicago
52%
Gangs of New York
51%
Orphan
46%
O Brother, Where Art Thou?
45%
Pursuit of Happiness
42%

Score Distribution

Percentile by Number Answered

Percent of People with Each Score

Your Score History

You have not taken this quiz